Countries by U.S. Military Drone Strikes Casualties - Statistics

General Stats
  • This quiz has been taken 40 times
  • The average score is 8 of 15
Answer Stats
Casualties (estimate) Country % Correct
6 Iraq
97%
90 Afghanistan
91%
1,370 Pakistan
82%
175 Yemen
79%
8 Libya
68%
6 Somalia
59%
29 Egypt
56%
6 Türkiye
50%
6 Kuwait
44%
28 Saudi Arabia
38%
10 United States
35%
8 United Kingdom
29%
7 Germany
18%
138 Uzbekistan
18%
5 Kenya
12%
No matching quizzes found
Score Distribution
Percent of People with Each Score
Percentile by Number Answered
Your Score History
You have not taken this quiz